000 00554nam a22002177a 4500
999 _c6260
_d6260
001 6260
003 BD-JhCC
005 20180118161439.0
008 180118r19501970b |||| |||| 00| 0 eng d
035 _a(BD-JhCC)6260
040 _aBD-JhCC
_dBD-JhCC
041 _aeng
082 _a297
_bHAS 1970
100 _aHasim, Abul
245 _aThe Creed of Islam
_bor The Revolutionary Character of Kalima /
_cAbul Hasim
260 _aDhaka :
_bIslamic Academy,
_c1970.
300 _a144 p. ;
_c21 cm.
650 _aIslam
942 _2ddc
_cBK